Vedic India: As embodied principally in the Rig-Veda (Record no. 394306)

MARC details
000 -LEADER
fixed length control field 00528 a2200193 4500
005 - DATE & TIME
control field 20260214111025.0
008 - FIXED-LENGTH DATA ELEMENTS--GENERAL INFORMATION
fixed length control field 260212b |||||||| |||| 00| 0 eng d
020 ## - ISBN
International Standard Book Number 978936085060
Price Rs. 2395.00
040 ## - CATALOGING SOURCE
Original cataloging agency VIVEKANANDA LIBRARY
082 ## - DDC NUMBER
Classification number 954.01
Book Number R127V
100 ## - MAIN ENTRY--PERSONAL NAME
Personal name Ragozin, Zénaïde A
245 ## - TITLE STATEMENT
Title Vedic India: As embodied principally in the Rig-Veda
260 ## - PUBLICATION, DISTRIBUTION, ETC. (IMPRINT)
Name of publisher, distributor, etc Arjun Publishing House
Date of publication, distribution, etc 2026
Place of publication, distribution, etc New Delhi
300 ## - PHYSICAL DESCRIPTION
Pages xii, 457
650 ## - Subject
Subject History
650 ## - Subject
Subject Vedic Civilization
650 ## - Subject
Subject Indian-History
942 ## - ADDED ENTRY ELEMENTS (KOHA)
Koha item type Books
Holdings
Withdrawn status Lost status Source of classification or shelving scheme Damaged status Not for loan Location (home branch) Sublocation or collection (holding branch) Shelving location Date acquired Koha issues (times borrowed) Koha full call number Accession No. Koha date last seen Koha item type
    Dewey Decimal Classification     VIVEKANANDA LIBRARY VIVEKANANDA LIBRARY Vivekananda Library 05/02/2026   954.01 R127V 444317 05/02/2026 Books
© Designed and Maintained by Vivekananda Library, MDU Rohtak